LIBRARY & INFORMATION CENTRE, KCAET, TAVANUR

ONLINE PUBLIC ACCESS CATALOGUE (OPAC)

Post harvest processing and food engineering (Objective questions and answers) (Record no. 15411)

MARC details
000 -LEADER
fixed length control field 00404nam a22001457a 4500
020 ## - INTERNATIONAL STANDARD BOOK NUMBER
ISBN 9781948230490
082 ## - DEWEY DECIMAL CLASSIFICATION NUMBER
Classification number 664.02
Item number KAR/PO
100 ## - MAIN ENTRY--AUTHOR NAME
Personal name Karthik, S.K
245 ## - TITLE STATEMENT
Title Post harvest processing and food engineering (Objective questions and answers)
260 ## - PUBLICATION, DISTRIBUTION, ETC. (IMPRINT)
Place of publication Chennai
Name of publisher Notion Press
Year of publication 2017
300 ## - PHYSICAL DESCRIPTION
Number of Pages 177p
700 ## - ADDED ENTRY--PERSONAL NAME
Personal name Sathishkumar
700 ## - ADDED ENTRY--PERSONAL NAME
Personal name Nanje Gowda, N.A
942 ## - ADDED ENTRY ELEMENTS (KOHA)
Koha item type Books
Holdings
Withdrawn status Lost status Damaged status Collection code Home library Current library Shelving location Date acquired Source of acquisition Cost, normal purchase price Full call number Accession Number Koha item type
        KAUAET KAUAET General Stacks 31/03/2018 Vigyan Books 610.00 664.02 KAR/PO 25694 Books
        KAUAET KAUAET General Stacks 31/03/2018 Vigyan Books 610.00 664.02 KAR/PO 25695 Books
free website counter